MARC

LEADER 00000nam0a2200000 4500
001 295540
005 20231102000823.0
020 |a RU  |b 84-37061 
035 |a (RuTPU)RU\TPU\book\320628 
090 |a 295540 
100 |a 20150523d1984 m y0rusy5003 ca 
101 0 |a rus 
102 |a RU 
105 |a a z 001zy 
200 1 |a Системы сбора и обработки информации для резервуарных парков  |f Л. А. Зайцев, В. В. Панарин 
210 |a Москва  |c Недра  |d 1984 
215 |a 152 с.  |c ил. 
320 |a Библиогр.: с. 147 
606 1 |a Нефтерезервуары  |2 stltpush  |3 (RuTPU)RU\TPU\subj\45858  |9 65049 
610 1 |a нефтяные резервуары 
610 1 |a уровень 
610 1 |a замеры 
610 1 |a сбор 
610 1 |a обработка 
610 1 |a информация 
610 1 |a резервуарные парки 
610 1 |a технология 
610 1 |a жидкость 
610 1 |a учетные операции 
610 1 |a нефтепродукты 
610 1 |a автоматическая защита 
610 1 |a управление 
610 1 |a монтаж 
675 |a 622.692.26  |z rus  |v 3 
700 1 |a Зайцев  |b Л. А.  |4 070 
701 1 |a Панарин  |b В. В.  |4 070 
801 0 |a RU  |b RuMRKP  |c 19950704  |g psbo 
801 1 |a RU  |b 63413507  |c 20150523 
801 2 |a RU  |b 63413507  |c 20170110  |g RCR 
942 |c BK